00606 a2200181 450000500170000000800410001702000150005804000630007304100080013624500630014426000370020730000400024449000290028465000260031365000250033965000360036470000240040020180312142016.0140728s1987 sp a gr|||| 00| j spa d a8430515593 aCO-BoUCMbspacJose A. GerenadJose A. Gerena (modificó)1 aspa aCenicientac[adapatación del cuento de Charles Perrault] c1987aMadrid (España)bSusaeta a62 páginasbilustraciones a color aCuentos de ayer para hoy 7aLiteratura clásica  7aLiteratura infantil  7aCuentos ilustrados para niños1 a[Perrault, Charles]